Entry Nombre personal
001 - NÚMERO DE CONTROL
- campo de control: 965
003 - IDENTIFICADOR DE NÚMERO DE CONTROL
- campo de control: AR-BaBN
005 - FECHA Y HORA DE LA ÚLTIMA TRANSACCIÓN
- campo de control: 20260325095335.0
008 - ELEMENTOS DE DATO DE LONGITUD-FIJA
- campo de control de longitud fija: 130321nn acznnaabn a aaa
016 7# - NÚMERO DE CONTROL DE UNA AGENCIA BIBLIOGRÁFICA NACIONAL
- Número de control del registro: 000026074
- Fuente: AR-BaBN
024 7# - IDENTIFICADOR DE OTROS ESTÁNDARES
- Número estándar o código: 4044156811375145390005
- Fuente: viaf
- URI de un objeto del mundo real: http://viaf.org/viaf/4044156811375145390005
040 ## - FUENTE DE CATALOGACIÓN
- Centro catalogador/agencia de origen: AR-BaBN
- Lengua de catalogación: spa
- Centro/agencia transcriptor: AR-BaBN
- Normas de descripción: aacr
043 ## - CÓDIGO DE ÁREA GEOGRÁFICA
- Código de área geográfica: e-gr---
075 ## - TIPO DE ENTIDAD
- Término tipo de entidad: persona
- Fuente: rda
100 0# - ENCABEZAMIENTO-NOMBRE DE PERSONA
- Nombre de persona: Platón
370 ## - LUGAR ASOCIADO
- Lugar de nacimiento: Egina (Grecia)
- Lugar de fallecimiento: Atenas (Grecia)
- Otro lugar asociado: Antigua Grecia
372 ## - CAMPO DE ACTIVIDAD
- Campo de actividad: Filosofía
373 ## - GRUPO ASOCIADO
- Grupo asociado: Academia de Atenas
374 ## - OCUPACIÓN
- Ocupación: Filósofos
377 ## - IDIOMA ASOCIADO
- Código del idioma: grc
- Término de lengua/lenguaje: griego antiguo
400 0# - TRAZADO DE VÉASE--NOMBRE DE PERSONA
- Nombre de persona: Plato
400 0# - TRAZADO DE VÉASE--NOMBRE DE PERSONA
- Nombre de persona: Platone
400 0# - TRAZADO DE VÉASE--NOMBRE DE PERSONA
- Nombre de persona: Aplaton
400 0# - TRAZADO DE VÉASE--NOMBRE DE PERSONA
- Nombre de persona: Platonas
670 ## - FUENTE DE DATOS ENCONTRADOS
- Cita de la fuente: Bibliothèque Nationale de France, 21 mar. 2013:
- Información encontrada: (idioma: griego antiguo; n. 427? a.C., Atenas; m.: 348? a.C., Atenas; filósofo: formas autorizadas: Platon, Plato)
670 ## - FUENTE DE DATOS ENCONTRADOS
- Cita de la fuente: Biblioteca Nacional de España, 21 mar. 2013:
- Información encontrada: (Platón; usado por: Aplaton, Plato, Platonas, Platone)
670 ## - FUENTE DE DATOS ENCONTRADOS
- Cita de la fuente: En Los grandes reformadores sociales de Berardi, 1968:
- Información encontrada: p. 15 (Platón, 427-347 a.C.)
670 ## - FUENTE DE DATOS ENCONTRADOS
- Cita de la fuente: WWW Wikipedia, 05 abr. 2017:
- Información encontrada: (Platónn. 1 (en griego antiguo: Πλάτων, Plátōn; Atenas o Egina,1 c. 427-347 a. C.)2 fue un filósofo griego seguidor de Sócratesn. 2 y maestro de Aristóteles)